00621nam a2200181Ia 4500003000400000008004100004040001600045082001800061100002200079245004800101250001900149260007200168300002400240650003600264650003400300650003400334650007100368GCL140319s9999 xx 000 0 ara d aGCL / cGCL04a953.04bا ض1 aاحمد امين10aضحى الاسلام / cاحمد امين aالخامسة aالقاهرة : bمكتبة النهضة المصرية ، c1956 a432 ص ؛ c24 سم04aالتاريخ الاسلامى04aالدولة العباسية04aالفرق الاسلامية04aالدولة العباسية - الحياة الاجتماعية